| 000 | 00461nam a2200181Ia 4500 | ||
|---|---|---|---|
| 008 | 180207s9999 xx 000 0 und d | ||
| 020 | _a9781426302923 | ||
| 050 | _bH466 2006 | ||
| 100 | _aHeiligman, Deborah | ||
| 245 | _aCelebrate thanksgiving / | ||
| 245 | _cby Deborah Heiligman. | ||
| 260 | _aWashington, D. C. : | ||
| 260 | _bNational Geographic, | ||
| 260 | _c2006 | ||
| 300 | _a32 pages : | ||
| 300 | _bcolor illustration ; | ||
| 300 | _c25cm. | ||
| 999 |
_c355489 _d355489 |
||